书目信息 |
| 题名: |
摆脱生活误区
|
|
| 作者: | 宋飞焱 编著 | |
| 分册: | ||
| 出版信息: | 长春 吉林大学出版社 2004.01 |
|
| 页数: | 250页 | |
| 开本: | 20cm | |
| 丛书名: | 居家好医生 | |
| 单 册: | ||
| 中图分类: | J60 , TS97 | |
| 科图分类: | ||
| 主题词: | 生活--卫生习惯--基本知识 , 生活--供应技术 | |
| 电子资源: | ||
| ISBN: | 7-5601-1422-9 | |
| 000 | 00804nam 2200265 450 | |
| 001 | 010250338827 | |
| 005 | 20050906163712.20 | |
| 010 | @a7-5601-1422-9@dCNY15.80 | |
| 100 | @a20050221d2004 km y0chiy0120 ea | |
| 101 | 0 | @achi |
| 102 | @aCN@b220000 | |
| 105 | @ay z 000yy | |
| 200 | 1 | @a摆脱生活误区@Abai tuo sheng huo wu qu@f宋飞焱编著@Fsong fei yan bian zhu |
| 210 | @a长春@c吉林大学出版社@d2004.01 | |
| 215 | @a250页@d20cm | |
| 225 | 2 | @a居家好医生 |
| 330 | @a本书主要内容包括:饮食越精营养,食手是是否越清淡越好,食手中含纤维是不是越多越好等。 | |
| 410 | 0 | @12001 @a居家好医生 |
| 606 | 0 | @a生活@x卫生习惯@x基本知识 |
| 606 | 0 | @a生活@x供应技术 |
| 690 | @aJ60@v4 | |
| 690 | @aTS97@v3 | |
| 701 | 0 | @a宋飞焱@Asong fei yan@4编著 |
| 801 | 0 | @aCN@bQSSK@c20050906 |
| 905 | @a10447@dTS97@eS760 | |
| 摆脱生活误区/宋飞焱编著.-长春:吉林大学出版社,2004.01 |
| 250页;20cm.-(居家好医生) |
| ISBN 7-5601-1422-9:CNY15.80 |
| 本书主要内容包括:饮食越精营养,食手是是否越清淡越好,食手中含纤维是不是越多越好等。 |
| ● |
| 相关链接 |
|
|
|
正题名:摆脱生活误区
索取号:TS97/S760
 
预约/预借
| 序号 | 登录号 | 条形码 | 馆藏地/架位号 | 状态 | 备注 |
| 1 | 560979 | 205609796 | 自科库501/501自科库 44排2列4层/ [索取号:TS97/S760] | 在馆 | |
| 2 | 560980 | 205609803 | 自科库501/309社科库 90排4列5层/ [索取号:TS97/S760] | 在馆 | |
| 3 | 560981 | 205609812 | 自科库501/501自科库 44排2列4层/ [索取号:TS97/S760] | 在馆 |